Statistics for Countries Larger Than India In Area

Click here to take the quiz!

General Stats

  • This quiz has been taken 42 times
  • The average score is 5 of 6

Answer Stats

Answer% Correct
Brazil
95%
Russia
95%
Canada
93%
China
93%
USA
90%
Australia
76%

Score Distribution

Percentile by Number Answered

Percent of People with Each Score

Your Score History

You have not taken this quiz